书目信息 |
| 题名: |
教育改革发展论
|
|
| 作者: | ;郭福昌 , 吴德刚 | |
| 分册: | ||
| 出版信息: | 石家庄 河北教育出版社 1996.12 |
|
| 页数: | 439页 | |
| 开本: | 20cm | |
| 丛书名: | 中国当代教育理论丛书 | |
| 单 册: | ||
| 中图分类: | G521 , G4 | |
| 科图分类: | ||
| 主题词: | 教学改革--发展--研究--中国 , 教育 | |
| 电子资源: | ||
| ISBN: | 7-5434-2775-3 | |
| 000 | 00955oam2 2200289 450 | |
| 001 | 1560807791 | |
| 005 | 20151110134737.04 | |
| 010 | @a7-5434-2775-3@dCNY16.40 | |
| 100 | @a19990312e19991996em y0chiy0110 ea | |
| 101 | 0 | @achi |
| 102 | @aCN@b130000 | |
| 105 | @af z 000yy | |
| 200 | 1 | @a教育改革发展论@9Guo Fu Chang, Wu De Gang Bian Zhu@9Jiao Yu Gai Ge Fa Zhan Lun@f郭福昌, 吴德刚编著 |
| 210 | @a石家庄@c河北教育出版社@d1996.12@h1999.1重印 | |
| 215 | @a439页@c彩照@d20cm | |
| 225 | 2 | @a中国当代教育理论丛书 |
| 314 | @a郭福昌(1935-),现任国家教委直属中国教育发展总公司董事长,教育学教授。 | |
| 314 | @a吴德刚(1959- ),现任国家教委城市与农村教育综合改革办公室副主任。 | |
| 461 | 0 | @12001 @a中国当代教育理论丛书 |
| 606 | 0 | @a教学改革@x发展@x研究@y中国 |
| 606 | 0 | @a教育 |
| 690 | @aG521@v5 | |
| 690 | @aG4@v4 | |
| 702 | 0 | @a郭福昌@9Guo Fu Chang |
| 702 | 0 | @a吴德刚@9Wu De Gang |
| 801 | 0 | @aCN@bTSSF@c20150204 |
| 905 | @aZUCC@dG4@eJY365 | |
| 教育改革发展论/郭福昌, 吴德刚编著.-石家庄:河北教育出版社,1996.12(1999.1重印) |
| 439页:彩照;20cm.-(中国当代教育理论丛书) |
| ISBN 7-5434-2775-3:CNY16.40 |
| ● |
| 相关链接 |
|
|
|
|
正题名:教育改革发展论
索取号:G4/JY365
 
预约/预借
| 序号 | 登录号 | 条形码 | 馆藏地/架位号 | 状态 | 备注 |
| 1 | 7860979 | 278609793 | 学院路分馆/ [索取号:G4/JY365] | 在馆 | |
| 2 | 7865516 | 278655162 | 学院路分馆/ [索取号:G4/JY365] | 在馆 | |
| 3 | 7865560 | 278655607 | 学院路分馆/ [索取号:G4/JY365] | 在馆 |